000 01089nam a22002417a 4500
005 20240530110619.0
008 161204s2011 ua g b 001 0 ara d
017 _a2011/5417
_bمصر . دار الكتب المصرية
020 _a9789771807933
040 _aEG-CaGPL
082 0 4 _221
_a260
_bق/م خ
100 0 _aمحمد صبرى الدالى
245 1 2 _aالخطاب السياسى الصوفى فى مصر :
_bقراءة فى خطاب عبدالوهاب الشعرانى للسلطة والمجتمع /
_cمحمد صبرى الدالى
260 _aالقاهرة :
_bدار الكتب والوثائق القومية ،
_c2011.
300 _a347 ص. ؛
_c24 سم.
490 0 _aمصر النهضة ؛
_v55
504 _aببليوجرافية : ص 333 - 341
600 0 7 _2qrmak
_aالشعراني ، عبدالوهاب بن احمد بن علي الحنفي(1493-1565)
650 0 7 _2qrmak
_aالطرق الصوفية
650 0 7 _2qrmak
_aالتصوف الاسلامى
942 _2ddc
_cBK
999 _c63017
_d63017